Codificación del acuerdo de Cartagena (Registro nro. 4945)
[ vista simple ]
| 000 -CABECERA | |
|---|---|
| Campo de control | 00698cam a2200205 a 4500 |
| 005 - FECHA Y HORA DE LA ULTIMA TRANSACCION | |
| Campo de control | 20160218154218.0 |
| 008 - ELEMENTOS DE LONGITUD FIJA—INFORMACION GENERAL | |
| Campo de control | 020627s1999 pe d r 000 0 spa d |
| 040 ## - FUENTE DE CATALOGACIÓN | |
| Agencia catalogadora original | CO-BoPUJ |
| Agencia transcriptora | CO-BoIAVH |
| Agencia Modificadora | CO-BoIAVH |
| 041 0# - IDIOMA | |
| Código de idioma para texto/pista de sonido o título separado | Español |
| 044 ## - PAÍS DE PUBLICACIÓN | |
| País de publicación | Colombia |
| 082 04 - NUMERO DE CLASIFICACION DECIMAL DEWEY | |
| Número de clasificación | 337.8 |
| Número del ítem | C74c |
| 110 2# - ASIENTO PRINCIPAL--NOMBRE CORPORATIVO | |
| Nombre corporativo o de jurisdicción como elemento de entrada | Comunidad Andina |
| Unidad subordinad | Secretaría General |
| 245 10 - MENCION DE TITULO | |
| Título | Codificación del acuerdo de Cartagena |
| Parte restante del título | decisión 406 / |
| Mención de responsabilidad | Comunidad Andina |
| 246 04 - FORMA VARIANTE DEL TITULO | |
| Título propiamente dicho/forma breve del título | Acuerdo de Cartagena |
| Parte restante del título | texto oficial codificado |
| 260 ## - PUBLICACION, DISTRIBUCION, ETC. (PIE DE IMPRENTA) | |
| Lugar de publicación, distribución, etc. | Lima (Perú) : |
| Nombre del editor, distribuidor, etc. | Comunidad Andina, |
| Fecha de publicación, distribución, etc. | 1999. |
| 300 ## - DESCRIPCION FISICA | |
| Extensión | 80 páginas : |
| Otros detalles físicos | tablas ; |
| Dimensiones | 21 x 15 cm. |
| 610 24 - ASIENTO SECUNDARIO DE MATERIA - NOMBRE CORPORATIVO | |
| Nombre corporativo o nombre de la jurisdicción como elemento de entrad | Acuerdo de Cartagena |
| 650 26 - ASIENTO SECUNDARIO DE MATERIA - TERMINO TEMATICO | |
| Término temático o nombre geográfico como elemento de entrada | Legislación |
| Subdivisión geográfica | América Latina |
| 942 ## - ELEMENTOS ADICIONALES (KOHA) | |
| Sistema de clasificación | Dewey Decimal Classification |
| Tipo de ítem | Libro |
| Withdrawn status | Lost status | Sistema de Clasificación | Damaged status | No para préstamo | Colección | Inventariado | Ubicación Permanente | Ubicación actual | Fecha de adquisición | Valor | Total Checkouts | Número topográfico | Inventario / Código de Barras | Date last seen | Ejemplar | Price effective from | Forma de adquisición | Tipo de material |
|---|---|---|---|---|---|---|---|---|---|---|---|---|---|---|---|---|---|---|
| Dewey Decimal Classification | General | Inventariado 2017 | Bogotá | Bogotá | 07/12/2005 | 39000.00 | LB-337.8 C74c | 016913 | 04/12/2012 | Ej. 1 | 04/12/2012 | Libro |